| 000 | 00344nam a2200133Ia 4500 | ||
|---|---|---|---|
| 008 | 240624s9999 xx 000 0 und d | ||
| 041 | _aeng | ||
| 082 | _a658.408 MIT | ||
| 100 | _aMITRA NAYAN | ||
| 245 | _aCORPORATE SOCIAL RESPONSIBILITY IN INDIA | ||
| 260 |
_c2017 _aLondon _bSpringer |
||
| 300 | _axxvii, 238 p.; 23 cm. | ||
| 365 |
_cERU _b30 |
||
| 999 |
_c30077 _d30077 |
||